| 000 | 00715nam a2200241Ia 4500 | ||
|---|---|---|---|
| 003 | BUBTL | ||
| 008 | 151213s9999 xx 000 0 und d | ||
| 020 | _a9848759166 | ||
| 041 | _aEnglish | ||
| 082 |
_a519.72/ R211l/ 2010 _b |
||
| 100 |
_aRay, Dr. Ganesh chandra _95355 |
||
| 245 |
_aLinear Programming / _c Prof. Dr. Ganesh chandra Ray, Prof. Md.Elias Hossain |
||
| 250 | _a5th | ||
| 260 |
_aDhaka _bTitas Publications _cc2010 |
||
| 300 |
_a670p. : _b22cm . |
||
| 526 | _acse, eee | ||
| 650 | _aMathematics | ||
| 650 | _aMathematics | ||
| 700 |
_aProf. Dr. Ganesh chandra Ray, Prof. Md.Elias Hossain _95356 |
||
| 856 |
_k0 _l0 _yDownload |
||
| 942 |
_2ddc _cBK |
||
| 999 |
_c4856 _d4856 |
||